00285nam a22000977a 4500008004100000082001500041100002200056245006000078260004000138300000900178230620b xxu||||| |||| 00| 0 eng d a320.9bMAT cAlastair Matheson aState of EmergencybReporting Africa for half a Century anairobi, KenyabMedia Mattersc1992 a216p